Диагностика и лечение пациентов с несоответствием размеров постоянных зубов параметрам зубочелюстных дуг (Запись № 11406716)

Подробности
000 -МАРКЕР
контрольное поле 01689nam0a2200325 i 4500
001 - ИДЕНТИФИКАТОР ЗАПИСИ
контрольное поле RU\NLR\BIBL_A\011098507
005 - ИДЕНТИФИКАТОР ВЕРСИИ
контрольное поле 20241103090310.0
010 ## - МЕЖДУНАРОДНЫЙ СТАНДАРТНЫЙ НОМЕР КНИГИ (ISBN)
Номер (ISBN) 9785898224233
Тираж 500
021 ## - НОМЕР ГОСУДАРСТВЕННОЙ РЕГИСТРАЦИИ
Код страны российская федерация
Номер 2016-20839
Номер Листа государственной регистраци 1320
035 ## - ДРУГИЕ СИСТЕМНЫЕ НОМЕРА
Идентификатор записи (NLR Aleph) 011098507
100 ## - ДАННЫЕ ОБЩЕЙ ОБРАБОТКИ
Данные общей обработки 20160407d2015 k y0rusy50 ca
101 0# - ЯЗЫК РЕСУРСА
Язык текста, звукозаписи и т.д. русский
102 ## - СТРАНА ПУБЛИКАЦИИ ИЛИ ПРОИЗВОДСТВА
Страна публикации российская федерация
105 ## - ПОЛЕ КОДИРОВАННЫХ ДАННЫХ: ТЕКСТОВЫЕ МАТЕРИАЛЫ, МОНОГРАФИЧЕСКИЕ
Кодированные данные о монографическом текстовом документе a|||z|||000yy
200 1# - ЗАГЛАВИЕ И СВЕДЕНИЯ ОБ ОТВЕТСТВЕННОСТИ
Основное заглавие Диагностика и лечение пациентов с несоответствием размеров постоянных зубов параметрам зубочелюстных дуг
Первые сведения об ответственности Д. А. Доменюк, Д. С. Дмитриенко, А. А. Коробкеев, Э. Г. Ведешина
Последующие сведения об ответственности Гос. бюджет. образоват. учреждение высш. проф. образования "Ставропол. гос. мед. ун-т" М-ва здравоохранения Рос. Федерации
210 ## - ПУБЛИКАЦИЯ, РАСПРОСТРАНЕНИЕ И ДР.
Место издания, распространения и т.д. Ставрополь
Имя издателя, распространителя и т. д. Изд-во СтГМУ
Дата издания, распространения и т.д. 2015
215 ## - ФИЗИЧЕСКАЯ ХАРАКТЕРИСТИКА
Специфическое обозначение материала и объем 270 с.
Другие сведения о физической характеристике ил., цв. ил.
Размеры 21
320 ## - ПРИМЕЧАНИЯ О НАЛИЧИИ В ДОКУМЕНТЕ БИБЛИОГРАФИИ / УКАЗАТЕЛЯ
Текст примечания Библиогр.: с. 242-270 (356 назв.)
606 ## - НАИМЕНОВАНИЕ ТЕМЫ КАК ПРЕДМЕТ
Наименование темы Зубочелюстные аномалии
Системный номер авторитетной/нормативной записи 2245811
Идентификатор авторитетной/нормативной записи RU\NLR\AUTH\6601578372
675 ## - УНИВЕРСАЛЬНАЯ ДЕСЯТИЧНАЯ КЛАССИФИКАЦИЯ (UDC/УДК)
Индекс 616.3
686 1# - ИНДЕКСЫ ДРУГИХ КЛАССИФИКАЦИЙ
Индекс Р665.605.0
701 #1 - ИМЯ ЛИЦА - АЛЬТЕРНАТИВНАЯ ОТВЕТСТВЕННОСТЬ
Начальный элемент ввода Доменюк
Часть имени, кроме начального элемента ввода Д. А.
Расширение инициалов личного имени Дмитрий Анатольевич
701 #1 - ИМЯ ЛИЦА - АЛЬТЕРНАТИВНАЯ ОТВЕТСТВЕННОСТЬ
Начальный элемент ввода Дмитриенко
Часть имени, кроме начального элемента ввода Д. С.
Расширение инициалов личного имени Дмитрий Сергеевич
701 #1 - ИМЯ ЛИЦА - АЛЬТЕРНАТИВНАЯ ОТВЕТСТВЕННОСТЬ
Начальный элемент ввода Коробкеев
Часть имени, кроме начального элемента ввода А. А.
Расширение инициалов личного имени Александр Анатольевич
Системный номер авторитетной/нормативной записи 160400
Идентификатор авторитетной/нормативной записи RU\NLR\AUTH\770160442
701 #1 - ИМЯ ЛИЦА - АЛЬТЕРНАТИВНАЯ ОТВЕТСТВЕННОСТЬ
Начальный элемент ввода Ведешина
Часть имени, кроме начального элемента ввода Э.Г.
Расширение инициалов личного имени Эрнесса Григорьевна
942 ## - ДОПОЛНИТЕЛЬНЫЕ ЭЛЕМЕНТЫ ЗАПИСИ (АБИС)
Тип экземпляра АБИС Книга
980 ## - КОЛЛЕКЦИЯ
Название коллекции НБР

Нет доступных экземпляров.